Soggetti Federali della Russia - Statistics

Statistiche generali
  • Questo quiz è stato fatto 116 volte
  • Il punteggio medio è 22 su 89
Risposte nella Mappa
Le risposte nella mappa del quiz sottostante sono codificate secondo una scala di colori dal rosso al verde in base alla % di persone che hanno risposto correttamente.
 
Statistiche sulle risposte
Tipo Soggetto Federale % Corretto
Città Federale Mosca
89%
Oblast' Mosca
89%
Città Federale San Pietroburgo
77%
Repubblica Crimea
75%
Oblast' Kaliningrad
62%
Repubblica Cecenia
59%
Città Federale Sebastopoli
52%
Repubblica Sakha / Jacuzia
48%
Repubblica Carelia
44%
Oblast' Murmansk
43%
Repubblica Dagestan
41%
Repubblica Lugansk
41%
Repubblica Donetsk
39%
Oblast' Arcangelo
38%
Oblast' Leningrado
38%
Oblast' Volgograd
38%
Oblast' Amur
36%
Territorio Krasnodar
36%
Oblast' Rostov
34%
Oblast' Sachalin
34%
Oblast' Novosibirsk
33%
Repubblica Tatarstan
33%
Repubblica Komi
30%
Oblast' Omsk
30%
Territorio Kamčatka
28%
Oblast' Magadan
28%
Territorio Perm'
28%
Repubblica Inguscezia
26%
Oblast' Irkutsk
26%
Repubblica Tuva
26%
Repubblica Karačaj-Circassia
25%
Oblast' Novgorod
25%
Oblast' Smolensk
25%
Repubblica Altaj
23%
Repubblica Ossezia Settentrionale-Alania
23%
Oblast' Samara
23%
Oblast' Vladimir
23%
Oblast' Belgorod
21%
Repubblica Buriazia
21%
Repubblica Cabardino-Balcaria
21%
Repubblica Calmucchia
21%
Oblast' Kursk
21%
Oblast' Tomsk
21%
Oblast' Tver'
21%
Territorio Chabarovsk
20%
Oblast' Cherson
20%
Territorio Altai
18%
Oblast' Orenburg
18%
Oblast' Saratov
18%
Oblast' Vologda
18%
Oblast' Astrachan'
16%
Circondario Autonomio Čukotka
16%
Territorio Litorale
16%
Oblast' Pskov
16%
Oblast' Tula
16%
Repubblica Adighezia
15%
Territorio Krasnoyarsk
15%
Oblast' Tambov
15%
Repubblica Udmurtia
15%
Oblast' Voronež
15%
Repubblica Baschiria
13%
Oblast' Orël
13%
Oblast' Brjansk
11%
Oblast' Čeljabinsk
11%
Oblast' Autonomo Ebraica
11%
Oblast' Ivanovo
11%
Oblast' Jaroslavl'
11%
Oblast' Kaluga
11%
Oblast' Kirov
11%
Oblast' Kurgan
11%
Oblast' Penza
11%
Territorio Stavropol
11%
Oblast' Sverdlovsk
11%
Repubblica Chakassia
10%
Repubblica Ciuvascia
10%
Circondario Autonomio Jamalo-Nenec
10%
Repubblica Mordovia
10%
Oblast' Kemerovo
8%
Oblast' Kostroma
8%
Oblast' Lipetsk
8%
Repubblica Mari El
8%
Circondario Autonomio Nenec
8%
Oblast' Tjumen'
8%
Oblast' Zaporižžja
8%
Territorio Transbajkalia
7%
Oblast' Rjazan'
5%
Oblast' Ul'janovsk
5%
Circondario Autonomio Chanty-Mansi / Jugra
3%
Oblast' Nižnyj Novgorod
3%
Nessun quiz corrispondente trovato
Distribuzione punteggi
Percentuale di utenti per punteggio
Percentile per numero di risposta
I tuoi punteggi nel tempo
Non hai fatto questo quiz